Un fruit ou légume par lettre de l'alphabet : - Statistiques

Statistiques générales
  • Ce quiz a été pris 1 475 fois
  • Le résultat moyen est 17 sur 26
Statistiques - réponses
Par images Réponse % Correct
Ananas
100%
Banane
100%
Clémentine
97%
Kiwi
97%
Datte
95%
Haricot
95%
Mangue
95%
Tomate
94%
Salade
93%
Olive
92%
Radis
92%
Litchi
87%
Groseille
85%
Vanille
80%
Nectarine
77%
Poireaux
76%
Épinard
70%
Wasabi
62%
Flageolet
48%
Yuzu
25%
Quetsche
23%
Jujube
14%
Icaque
2%
Ugli
2%
Zatte
2%
Ximenia
1%
Aucun quiz correspondant
Distribution des résultats
% des personnes avec chaque résultat
Percentile par nombre de réponses
Votre historique - résultats
Vous n’avez pas pris ce quiz